Leisure, sport and working class cultures : theory and history

Αποθηκεύτηκε σε:
Λεπτομέρειες βιβλιογραφικής εγγραφής
Άλλοι συγγραφείς: Cantelon, Hart 1944- (Επιμελητής έκδοσης), Hollands, Robert (Επιμελητής έκδοσης)
Μορφή: Βιβλίο
Γλώσσα:English
Δημοσίευση: Toronto, Ontario : Garamond Press, 1988
Θέματα:
Ετικέτες: Προσθήκη ετικέτας
Δεν υπάρχουν, Καταχωρήστε ετικέτα πρώτοι!

MARC

LEADER 00000nam a2200000 i 4500
001 1/69908
008 990223s1988 eng d
020 |a 0-920059-58-9 
035 |l 10047963 
040 |a GR-MY-UA  |b gre  |e aacr 
041 0 |a eng 
082 0 |a 306.4808623 
245 1 0 |a Leisure, sport and working class cultures :  |b theory and history /  |c Edited by Hart Cantelon and Robert Hollands 
260 |a Toronto, Ontario :   |b Garamond Press,   |c 1988 
300 |a 106 p. 
504 |a Includes bibliographical references 
650 0 0 |a Working class  |z England  |x Recreation  |x History. 
650 0 0 |a Working class  |z Canada  |x Recreation  |x History. 
650 0 0 |a Working class  |z Soviet Union  |x Recreation  |x History. 
650 0 0 |a Leisure  |x History. 
700 1 |a Cantelon, Hart  |d 1944-  |4 edt 
700 1 |a Hollands, Robert.  |4 edt 
852 |a INST  |b LESVOS  |e 19990223  |h 306.4808623 LEI  |p 005100017081  |q 005100017081  |t BK  |y 0 
909 |a Λ  |b 061556 
922 |a 1ΕΛΗ  |b 199812  |c ΚΠΣ/ΤΚΑ  |d ΠΑΠΑΣΩΤΗΡΙΟΥ 
950 |a 117-1998-07-11